Let us C++ (Record no. 3638)

MARC details
000 -LEADER
fixed length control field 00359nam a2200157Ia 4500
008 - FIXED-LENGTH DATA ELEMENTS--GENERAL INFORMATION
fixed length control field 191201s2008 xx 000 0 und d
020 ## - INTERNATIONAL STANDARD BOOK NUMBER
International Standard Book Number 9788183331630
082 ## - DEWEY DECIMAL CLASSIFICATION NUMBER
Classification number 005.133
Item number KAL
100 ## - MAIN ENTRY--PERSONAL NAME
Personal name KANETKAR, Yashwant
245 #0 - TITLE STATEMENT
Title Let us C++
250 ## - EDITION STATEMENT
Edition statement Rep.
260 ## - PUBLICATION, DISTRIBUTION, ETC. (IMPRINT)
Place of publication, distribution, etc N.Delhi
Name of publisher, distributor, etc BPB Publication
Date of publication, distribution, etc 2008
300 ## - PHYSICAL DESCRIPTION
Extent 605
650 ## - SUBJECT ADDED ENTRY--TOPICAL TERM
Topical term or geographic name as entry element MCA
942 ## - ADDED ENTRY ELEMENTS (KOHA)
Source of classification or shelving scheme Dewey Decimal Classification
Koha item type Text Books
Holdings
Withdrawn status Lost status Source of classification or shelving scheme Damaged status Not for loan Collection code Home library Current library Date acquired Source of acquisition Cost, normal purchase price Bill Number Total Checkouts Full call number Acc. no. / Barcode Date last seen Bill Date Koha item type Date last borrowed Checked out
    Dewey Decimal Classification     MCA PIET C-LIBRARY PIET C-LIBRARY 18/01/2007 J B C, New Delhi 240.00 SI-4643   005.133 KAL 10297 04/12/2019 11/12/2008 Text Books    
    Dewey Decimal Classification     MCA PIET C-LIBRARY PIET C-LIBRARY 18/01/2007 J B C, New Delhi 240.00 SI-4643 3 005.133 KAL 10298 31/07/2024 11/12/2008 Text Books 18/07/2024  
    Dewey Decimal Classification     Computer Science & Engineering in Cyber Security PIET C-LIBRARY PIET C-LIBRARY 18/01/2007 J B C, New Delhi 240.00 SI-4643 1 005.133 KAL 10299 24/11/2023 11/12/2008 Text Books 24/11/2023 22/05/2024
    Dewey Decimal Classification     Computer Science & Engineering in Cyber Security PIET C-LIBRARY PIET C-LIBRARY 18/01/2007 J B C, New Delhi 240.00 SI-4643 1 005.133 KAL 10300 24/11/2023 11/12/2008 Text Books 24/11/2023 22/05/2024
    Dewey Decimal Classification     Computer Science and Engineering in AI & Machine Learning PIET C-LIBRARY PIET C-LIBRARY 18/01/2007 J B C, New Delhi 240.00 SI-4643 1 005.133 KAL 10301 03/11/2020 11/12/2008 Text Books 03/11/2020 17/11/2020

Design & Developed by: PIET Central Library
R70 Miles Stone Pattikalyana Samalkha Panipat 132102
mail ID :- [email protected], Phone No:- 0180-2569700 Ex.216